000 00705nam a22002057a 4500
005 20220401132709.0
008 220331b ||||| |||| 00| 0 eng d
020 _a9781259026164
040 _cAIMIT LIBRARY
082 _21
_a651.7
_bMONM
100 _aMonippally, Mathukutty M.
_927133
245 _aBusiness communication :
_bfrom principles to practice /
_cBy Mathukutty M Monippally.
250 _a1st ed.
260 _aNew Delhi :
_bMc Graw Hill Education (India) Private Limited ;
_c2021
300 _ax, 419p. ;
_c22 cm.
650 _aThe challenge of communication
_927134
650 _aPersuasive communcation
_927135
650 _aPublic speaking
_927136
942 _2ddc
_cBK
_e1st
_k651.7 MONM
999 _c222127
_d222127